000 00639nam a22001697a 4500
999 _c109778
_d109778
005 20181224093001.0
008 181224b ||||| |||| 00| 0 eng d
020 _a9789694481562
040 _cPK-LaUMT
082 _a297
_bKHU-I
100 _aKhursheed Ahmad = خورشید احمد
245 _aIslami nazriya hayat = اسلامی نظریہ حیات :
_bمزہب اور دور جدید، اسلامی فلسفہ حیات، اسلامی نظام حیات /
_cKhursheed Ahmad = خورشید احمد
260 _aIslamabad :
_bInstitute of Policy Studies,
_c2016
300 _a3 vols.
650 _aIslami concepts
942 _cBK